000 00538nam a2200181 i 4500
001 80833
003 ES-MaACL
005 20230906174317.0
007 t|
008 041029s1940 sp ||||1| spa d
100 1 _aHoracio Flaco, Quinto.
_964182
245 1 0 _a60 Odas de Horacio /
_ccon su traducción en verso castellano por Bonifacio Chamorro.
260 _a[S.l. :
_bs.n.,
_c1940] (
_eAvila :
_fSenén Martín)
300 _a185 p.
700 1 _aChamorro, Bonifacio.
_937883
740 0 _aSesenta odas.
852 _aES-MaACL
_jB-9143
999 _c80833
_d80833